49ers Active Roster Quiz - Statistics

General Stats
  • This quiz has been taken 108 times
  • The average score is 14 of 80
Answer Stats
Position Player % Correct
QB Brock Purdy
98%
WR Brandon Aiyuk
84%
WR Deebo Samuel Sr.
75%
TE George Kittle
65%
QB Joshua Dobbs
64%
RB Christian McCaffrey
59%
QB Brandon Allen
51%
DL Nick Bosa
48%
LB Fred Warner
41%
K Jake Moody
38%
T Trent Williams
38%
WR Jauan Jennings
35%
RB Jordan Mason
35%
WR Ricky Pearsall
35%
TRASH Ronnie Bell
33%
LB Dre Greenlaw
25%
DB Deommodore Lenoir
24%
FB Kyle Juszczyk
23%
P Mitch Wishnowsky
21%
WR Jacob Cowing
20%
S Talanoa Hufanga
20%
OL Dominick Puni
19%
RB Isaac Guerendo
19%
OL Aaron Banks
18%
DL Javon Hargrave
18%
RB Elijah Mitchell
16%
DL Leonard Floyd
16%
WR Chris Conley
15%
S Ji'Ayir Brown
15%
LS Taybor Pepper
15%
OL Ben Bartch
14%
OL Colton McKivitz
14%
LB Dee Winters
14%
OL Jake Brendel
14%
CB Renardo Green
14%
CB Ambry Thomas
11%
TE Brayden Willis
11%
LB De'Vondre Campbell Sr.
11%
TE Eric Saubert
11%
DL Maliek Collins
11%
TE Jake Tonges
10%
DL Kevin Givens
10%
RB Patrick Taylor Jr.
9%
OL Spencer Burford
9%
QB Tanner Mordecai
9%
WR Trent Taylor
9%
DL Yetur Gross-Matos
9%
LB Demetrius Flannigan-Fowles
8%
CB Isaac Yiadom
8%
OL Jaylon Moore
8%
OL Jon Feliciano
8%
K Matthew Wright
8%
OL Nick Zakelj
8%
WR Terique Owens
8%
CB Chavarius Ward
6%
LB Curtis Robinson
6%
S Malik Mustafa
6%
DL Robert Beal Jr.
6%
CB Rock Ya-Sin
6%
CB Darrell Luter Jr.
5%
DL Drake Jackson
5%
DL Evan Anderson
5%
LB Jalen Graham
5%
DL Jordan Elliot
5%
DL Kalia Davis
5%
LB Tatum Bethune
5%
DL Alex Barrett
4%
CB Chase Lucas
4%
OL Drake Nugent
4%
S George Odum
4%
OL Isaac Alarcon
4%
RB Ke'Shawn Vaughn
4%
DL Sam Okuayinonu
4%
LB DaShaun White
3%
S Jaylen Mahoney
3%
TE Mason Pline
3%
DL T.Y. McGill
3%
OL Chris Hubbard
1%
DL Jonathan Garvin
1%
WR Terrace Marshall Jr.
1%
No matching quizzes found
Score Distribution
Percent of People with Each Score
Percentile by Number Answered
Your Score History
You have not taken this quiz